History - World History | 1 | 2 | 1 | 1 | 30 | 69 | 95.00 | 1 | 3 |
Fine Arts - Auditory Fine Arts | 0 | 3 | 0 | 0 | 30 | 71 | 96.33 | 0 | 3 |
History - American History | 1 | 2 | 1 | 1 | 30 | 49 | 81.67 | 2 | 3 |
| 1 | 1 | 0 | 0 | 25 | 47 | 68.50 | 1 | 2 |
Literature - European Literature | 1 | 1 | 0 | 0 | 25 | 56 | 83.50 | 1 | 2 |
Fine Arts - Visual Fine Arts | 0 | 2 | 0 | 0 | 20 | 69 | 82.00 | 0 | 2 |
Philosophy | 0 | 2 | 0 | 1 | 20 | 87 | 110.00 | 1 | 2 |
Other Arts: Auditory | 0 | 1 | 0 | 0 | 10 | 73 | 73.00 | 1 | 1 |
Other Arts: Visual | 0 | 1 | 0 | 1 | 10 | 142 | 142.00 | 1 | 1 |
History - European History | 0 | 1 | 0 | 0 | 10 | 67 | 67.00 | 0 | 1 |
Literature - British Literature | 0 | 1 | 0 | 0 | 10 | 133 | 133.00 | 0 | 1 |
Literature - American Literature | 0 | 1 | 0 | 0 | 10 | 100 | 100.00 | 0 | 1 |
Social Science | 0 | 1 | 0 | 0 | 10 | 64 | 64.00 | 1 | 1 |
Science - Biology | 0 | 0 | 1 | 0 | -5 | | 0.00 | 0 | 0 |